Central Library OPAC University of Rajshahi

The life and adventures of Nicholas Nickleby / (Record no. 19671)

MARC details
000 -LEADER
fixed length control field 00792nam a2200241 a 4500
001 - CONTROL NUMBER
control field 19671
003 - CONTROL NUMBER IDENTIFIER
rucl marc code BD-RjUL
005 - DATE AND TIME OF LATEST TRANSACTION
control field 20221108112149.0
008 - FIXED-LENGTH DATA ELEMENTS--GENERAL INFORMATION
fixed length control field 221108r19531950enk 000 0 eng d
035 ## - SYSTEM CONTROL NUMBER
System control number (aleph)001160362BGU01-Aleph
System control number (BD-RjUL)19671
040 ## - CATALOGING SOURCE
Original cataloging agency BGU
Language of cataloging eng
Transcribing agency BD-RjUL
041 ## - LANGUAGE CODE
Language code of text/sound track or separate title eng
082 ## - DEWEY DECIMAL CLASSIFICATION NUMBER
Edition number 23
Classification number 823.8
Author mark and year DIF 1953
100 1# - MAIN ENTRY--PERSONAL NAME
Personal name Dickens, Charles,
Dates associated with a name 1812-1870
9 (RLIN) 2265
245 14 - TITLE STATEMENT
Title The life and adventures of Nicholas Nickleby /
Statement of responsibility, etc. by Charles Dickens ; with 39 ill. by 'Phiz' and an introduction by Dame Sybil Thorndike
260 ## - PUBLICATION, DISTRIBUTION, ETC. (IMPRINT)
Place of publication, distribution, etc. London :
Name of publisher, distributor, etc. Oxford U.P.,
Date of publication, distribution, etc. 1950, [reprinted 1953]
300 ## - PHYSICAL DESCRIPTION
Pagination xxviii, 831 p. :
Illustrations ill.;
Size 19 cm.
600 ## - SUBJECT ADDED ENTRY--PERSONAL NAME
Personal name Nickleby, Nicholas
650 ## - SUBJECT ADDED ENTRY--TOPICAL TERM
Topical term or geographic name as entry element English
Form subdivision fiction
9 (RLIN) 5730
942 ## - ADDED ENTRY ELEMENTS (KOHA)
Source of classification or shelving scheme Dewey Decimal Classification
Koha item type Books
Holdings
Lost status Source of classification or shelving scheme Damaged status Not for loan Collection code Permanent Location Current Location Shelving location Date acquired Source of acquisition Cost, normal purchase price Total Checkouts Full call number Date last seen Copy number Koha item type
  Dewey Decimal Classification   Not For Loan Fiction Central Library, University of Rajshahi Central Library, University of Rajshahi Reading Room 18/06/1955 Allies Books Cor. 7.00   823.8 DIF 1953 08/11/2022 C-1 Books